ნორმალური ფორმატი
MARC ფორმატი
ჩანაწერი Personal Name
ჩანაწერთა რაოდენობა, რომელიც გამოყენებულია: 2
001 - CONTROL NUMBER
- control field: 22171
003 - CONTROL NUMBER IDENTIFIER
- control field: GE_BSU
005 - DATE AND TIME OF LATEST TRANSACTION
- control field: 20240524123020.0
008 - FIXED-LENGTH DATA ELEMENTS
- fixed length control field: 240524|| aca||aabn | a|a d
040 ## - CATALOGING SOURCE
- Original cataloging agency: GE_BSU
- Transcribing agency: GE_BSU
100 ## - HEADING--PERSONAL NAME
- Personal name: Keighley, Michael R. B.
670 ## - SOURCE DATA FOUND
- Source citation: Work cat.: (GE_BSU): Keighley, Michael R. B. , Surgery of the Anus, Rectum and Colon :
